000 00643nam a2200217Ia 4500
008 191130s2008##################000#0#eng##
020 _a9780262026284
022 _a2007038629
040 _aACL
_cACL
082 _a332.015118 BEN
100 _aBenninga, Simon
245 _aFinancial modeling
_cSimon Benninga
250 _a3rd ed
260 _aCambridge, MA
_bMIT Press
_c2008
300 _axxviii, 1132 p. : ill. ; 24 cm
500 _aIncludes bibliographical references (p. [1095]-1106) and index
650 _aFinance - Mathematical models
990 _a7e092eb3ac10000c5486aec8570ea126
991 _a444809
999 _c183734
_d183734